000 01222cam a22003132 4500
001 0000019459
005 20151217145915.0
008 101117s xx 000 0 eng d
020 _a0421960701 :
040 _aKABU
_cKABU
100 1 _aStevens, John.
_@0000179197
245 1 0 _aLand law /
_cJohn Stevens, Robert Pearce, and Nicola Jackson.
250 _a4th ed.
260 _aLondon :
_bSweet & Maxwell,
_c2008.
300 _alxxii, 731 p.
650 0 _aLand tenure
_xLaw and legislation.
_zGreat Britain.
_@0000179198
650 0 _aReal property
_zGreat Britain.
_@0000158265
700 1 _aPearce, Robert.
_@0000179199
700 1 _aJackson, Nicola.
_@0000179200
852 1 _9p6190 KES
852 1 _9p6190 KES
852 1 _9p4160 KES
852 1 _9p6190 KES
852 1 _9p3380 KES
852 1 _9p6190 KES
852 1 _9p3380 KES
908 _a101117
950 _@1
999 _c3944
_d3944